000 00451nam a2200193Ia 4500
005 20240823013732.0
008 240823s9999||||xx |||||||||||||| ||und||
020 _a0-295-96949-0
041 _aENGLISH
082 _A628.092 N0
100 _a"Eisenbud,Merril"
245 3 _aAn Environmental Odyssey
250 _a1st
260 _c1990
_bMacm
500 _aYES
650 _aEnvironmental Science
_bMechanical
942 _cBK
999 _c168080
_d168080